The colours of clarity ; essays on contemporary literature and education.

Bibliographic Details
Main Author: Holloway, John, ǂd 1920-1999
Format: Book
Language:English
Published: [Hamden, Conn.] : Archon Books, 1964.
Subjects:

MARC

Tag First Indicator Second Indicator Subfields
LEADER 00000cam a2200000 4500
001 in00000029567
005 20160203093114.0
008 720727s1964 ctu 00000 eng
010 |a  64007342  
035 |a (OCoLC)00367423 
035 |9 AAD2442AM 
040 |a DLC  |c WSU  |d TXA  |d UtOrBLW 
049 |a TXAM  |c [416125] 
050 0 |a PR6015.O416  |b C6 
092 |a 820.9  |b H745c 
100 1 |a Holloway, John, ǂd 1920-1999. 
245 1 4 |a The colours of clarity ;  |b essays on contemporary literature and education. 
264 1 |a [Hamden, Conn.] :  |b Archon Books,  |c 1964. 
300 |a ix, 166 pages ;  |c 23 cm. 
336 |a text  |b txt  |2 rdacontent 
337 |a unmediated  |b n  |2 rdamedia 
338 |a volume  |b nc  |2 rdacarrier 
650 0 |a Literature. 
650 0 |a Criticism. 
650 0 |a Education. 
999 |a MARS 
999 f f |s 5c5db531-fdc4-356d-8e65-b85dfbc5e5d8  |i ed6f3136-816a-38a1-9a01-37ce1d17d521  |t 0 
952 f f |p ric  |a Texas A&M University  |b Rellis Campus  |c Joint Library Facility  |d Remote Storage  |t 0  |e PR6015.O416 C6  |h Library of Congress classification  |i unmediated -- volume  |m A14801271936 
998 f f |a PR6015.O416 C6  |t 0  |l Remote Storage